000
00282nam a2200109Ia 4500
008
220204s9999 xx 000 0 und d
082
_a
658.3(035)
_b
BOW
245
0
_a
Handbook of salary and wage systems
260
_a
Great Britain
_b
Grower
_c
1975
700
_a
Bowey, A M
942
_c
BK
999
_c
38401
_d
38401